Culture Générale - Série 907 - Statistiques

Statistiques générales
  • Ce quiz a été pris 102 fois
  • Le résultat moyen est 4 sur 10
Statistiques - réponses
Question Réponse % Correct
Dans la phrase "Nous plûmes", quel verbe est conjugué au passé simple ? plaire
89%
C'est un instrument de musique à cordes pincées très répandu dans les pays arabes, en Turquie, en Grèce, en Azerbaïdjan et en Arménie, dont l'anagramme est "duo" oud
87%
Comment appelle-t-on la première part, tranche, premier morceau coupé de quelque chose qui se mange ? entame
65%
Le drâa ou oued drâa ou dra est le plus long fleuve du ... Maroc
46%
Comment appelle-t-on la pluie fine du soir, dont l'anagramme est "reines" ? serein
15%
Quel fleuve arrose la ville de Béziers ? orb
13%
De quel pays le fromage "oka" est-il originaire ? Canada
12%
Quel autre nom donne-t-on au poisson de mer appelé "Saint-Pierre" ? zee
11%
Comment appelle-t-on une jeune huître ? naissain
10%
Comment appelle-t-on le tissu qui recouvre la dentine au niveau de la racine ? cement
3%
Aucun quiz correspondant
Distribution des résultats
% des personnes avec chaque résultat
Percentile par nombre de réponses
Votre historique - résultats
Vous n’avez pas pris ce quiz